Grimes Discography - Statistics

General Stats
  • This quiz has been taken 162 times
  • The average score is 33 of 72
Answer Stats
Hint Answer % Correct
a Oblivion
93%
a Genesis
88%
a Kill V. Maim
79%
a 4ÆM
76%
a California
72%
a Violence - Club Mix
68%
a Violence - Original Mix
68%
a World ♡ Princess
67%
a Artangels
66%
a Flesh without Blood
64%
a Realiti
63%
a Pin
62%
a So Heavy I Fell Through the Earth - Algorithm Mix
62%
a So Heavy I Fell Through the Earth - Art Mix
62%
a Vanessa
62%
a SCREAM
61%
a World Princess part II
61%
a Butterfly
59%
a IDORU
58%
a IDORU - Algorithm Mix
58%
a laughing and not being normal
58%
a Venus Fly
58%
a My Name is Dark - Algorithm Mix
55%
a My Name is Dark - Art Mix
55%
a Rosa
55%
a Be a Body
53%
a Crystal Ball
53%
a Darkseid
53%
a Eight
53%
a We Appreciate Power
53%
a Circumambient
51%
a Nightmusic
50%
a Delete Forever
49%
a Symphonia IX (My Wait is U)
49%
a My Sister Says the Saddest Things
47%
a New Gods
46%
a Skin
46%
a Belly of the Beat
45%
a Easily
45%
a Before the Fever
42%
a You'll miss me when I'm not around
42%
a Caladan
39%
a Visiting Statue
39%
a ≈Ω≈Ω≈Ω≈Ω≈Ω≈Ω≈Ω≈Ω≈ (Omega)
38%
a Sagrad Прекрасный
38%
a Infinite Love without Fulfilment
37%
a Know the Way
37%
a Avi
36%
a Life in the Vivid Dream
36%
a Intro / Flowers
34%
a Colour of Moonlight (Antiochus)
33%
a Devon
33%
a Dream Fortress
33%
a Vowels = space and time
30%
a Outer
29%
a Weregild
29%
a Zoal, Face Dancer
29%
a Ophia
28%
a Swan Song
28%
a Feyd Rautha Dark Heart
26%
a Gambang
26%
a Hallways
26%
a Sardaukar Levenbrech
26%
a Urban Twilight
26%
a Grisgris
25%
a Venus in Fleurs
25%
a Favriel
24%
a † River †
24%
a Beast Infection
21%
a Hedra
21%
a Shadout Mapes
21%
a Dragvandil
14%
No matching quizzes found
Score Distribution
Percent of People with Each Score
Percentile by Number Answered
Your Score History
You have not taken this quiz